<?xml version="1.0" encoding="UTF-8"?>
<marc:record xmlns:marc="http://www.loc.gov/MARC21/slim">
   <marc:leader>00000nam a2200000 a 4500</marc:leader>
   <marc:datafield ind1="1" ind2=" " tag="100">
      <marc:subfield code="a">Bergmeier, Rolf</marc:subfield>
      <marc:subfield code="4">aut</marc:subfield>
      <marc:subfield code="e">Verfasser/-in</marc:subfield>
   </marc:datafield>
   <marc:datafield ind1=" " ind2=" " tag="653">
      <marc:subfield code="a">Antike</marc:subfield>
   </marc:datafield>
   <marc:datafield ind1=" " ind2=" " tag="653">
      <marc:subfield code="a">Kultur</marc:subfield>
   </marc:datafield>
   <marc:datafield ind1=" " ind2=" " tag="653">
      <marc:subfield code="a">Niedergang</marc:subfield>
   </marc:datafield>
   <marc:datafield ind1=" " ind2=" " tag="653">
      <marc:subfield code="a">Christentum</marc:subfield>
   </marc:datafield>
   <marc:datafield ind1=" " ind2=" " tag="653">
      <marc:subfield code="a">Staatskirche</marc:subfield>
   </marc:datafield>
   <marc:datafield ind1=" " ind2=" " tag="653">
      <marc:subfield code="a">Kirchenkritik</marc:subfield>
   </marc:datafield>
   <marc:datafield ind1=" " ind2=" " tag="653">
      <marc:subfield code="a">Europa</marc:subfield>
   </marc:datafield>
   <marc:datafield ind1=" " ind2=" " tag="653">
      <marc:subfield code="a">Softcover / Sachbücher/Geschichte/Vor- und Frühgeschichte</marc:subfield>
   </marc:datafield>
   <marc:datafield ind1="0" ind2="0" tag="245">
      <marc:subfield code="a">Schatten über Europa</marc:subfield>
   </marc:datafield>
   <marc:datafield ind1="0" ind2="0" tag="245">
      <marc:subfield code="b">der Untergang der antiken Kultur</marc:subfield>
   </marc:datafield>
   <marc:datafield ind1="0" ind2="0" tag="245">
      <marc:subfield code="c">Rolf Bergmeier</marc:subfield>
   </marc:datafield>
   <marc:datafield ind1=" " ind2="1" tag="264">
      <marc:subfield code="a">Aschaffenburg</marc:subfield>
      <marc:subfield code="b">Alibri Verlag</marc:subfield>
      <marc:subfield code="c">2017</marc:subfield>
   </marc:datafield>
   <marc:datafield ind1=" " ind2=" " tag="250">
      <marc:subfield code="a">Dritte, überarbeitete Auflage</marc:subfield>
   </marc:datafield>
   <marc:datafield ind1="1" ind2=" " tag="520">
      <marc:subfield code="a">Angaben aus der Verlagsmeldung

Schatten über Europa : Der Untergang der antiken Kultur / von Rolf Bergmeier

Beheizte Bäder, kühlende Brunnen, Fischteiche und Gärten – Mitte des vierten Jahrhunderts ist das Leben im Imperium Romanum von beeindruckenden zivilisatorischen Errungenschaften gekennzeichnet. In allen Städten gibt es Schulen, Gymnasien, Bibliotheken, Theater und Schauspiele. Nur hundert Jahre später ist alles vorbei. Die Wasserleitungen verfallen, die öffentlichen Schulen werden geschlossen, die Theater veröden, die meisten Menschen können nicht mehr lesen und schreiben.
Wie ist es dazu gekommen? Ist die antike Kultur im „Germanensturm“ untergegangen? Hat die „spätrömische Dekadenz“ den Verfall herbeigeführt? Rolf Bergmeier sieht für den Kulturbruch eine andere, bislang wenig beachtete Ursache: das Christentum. Dessen Weltflucht, Leib- und Bildungsfeindlichkeit zieht eine Reihe von Entwicklungen nach sich, die zum Zusammenbruch von Kunst und Kultur, Bibliotheken und Schulsystem, Wissenschaft und Philosophie führen.
</marc:subfield>
   </marc:datafield>
   <marc:datafield ind1=" " ind2=" " tag="020">
      <marc:subfield code="a">9783865692283</marc:subfield>
      <marc:subfield code="9">9783865692283</marc:subfield>
   </marc:datafield>
   <marc:datafield ind1=" " ind2=" " tag="020">
      <marc:subfield code="a">3865692281</marc:subfield>
      <marc:subfield code="9">3865692281</marc:subfield>
   </marc:datafield>
   <marc:datafield ind1=" " ind2=" " tag="041">
      <marc:subfield code="a">ger</marc:subfield>
   </marc:datafield>
   <marc:datafield ind1=" " ind2=" " tag="300">
      <marc:subfield code="a">292 Seiten</marc:subfield>
   </marc:datafield>
</marc:record>
